Normal view
MARC view
Entry Personal Name
001 - CONTROL NUMBER
- control field: 162127
003 - CONTROL NUMBER IDENTIFIER
- control field: OSt
005 - DATE AND TIME OF LATEST TRANSACTION
- control field: 20220923212113.0
008 - FIXED-LENGTH DATA ELEMENTS
- fixed length control field: 220923|| aca||aabn | a|a d
040 ## - CATALOGING SOURCE
- Original cataloging agency: OSt
- Transcribing agency: OSt
100 ## - HEADING--PERSONAL NAME
- Personal name: जैन, अक्षय कुमार, अनु
670 ## - SOURCE DATA FOUND
- Source citation: Work cat.: (OSt)306418: जैन, अक्षय कुमार, अनु., पीडा़हीन प्रसव, 1966
